La ciencia jurisdiccional : novedad y tradición /

Bibliographic Details
Main Author: Nieva Fenoll, Jordi (Author)
Format: Electronic eBook
Language:Spanish
Published: Madrid : Marcial Pons, 2016.
Series:Colección Proceso y derecho.
Subjects:
Online Access:Digitalia Hispánica

MARC

LEADER 00000nam a2200000 i 4500
001 DIGMPONS0365
003 NyNyDIG
007 cr |||||||||||
008 231211s2016 sp ob 000 0 spa d
006 m o d
035 |a (OCoLC)1376774889 
040 |a DGITA  |b eng  |e rda  |e pn  |c DGITA 
020 |a 9788491238942  |q eBook 
020 |z 9788491231608 
050 1 4 |a K3370 ebook 
100 1 |a Nieva Fenoll, Jordi,  |e author. 
245 1 3 |a La ciencia jurisdiccional :  |b novedad y tradición /  |c Jordi Nieva Fenoll. 
264 1 |a Madrid :  |b Marcial Pons,  |c 2016. 
300 |a 1 online resource. 
336 |a text  |b txt  |2 rdacontent 
337 |a computer  |b c  |2 rdamedia 
338 |a online resource  |b cr  |2 rdacarrier 
347 |a text file  |2 rdaft 
347 |b PDF 
490 1 |a Proceso y derecho 
504 |a Includes bibliographical references. 
588 0 |a Online resource; title from PDF title page (Digitalia, viewed December 11, 2023) 
650 0 |a Procedure (Law) 
650 0 |a Constitutional courts. 
650 0 |a Jurisdiction. 
791 2 |a Digitalia (Firm),  |e distributor. 
793 0 |g Digitalia eBook Collection:  |a Marcial Pons 
776 0 8 |i Print version:  |a Nieva Fenoll, Jordi.  |t Ciencia jurisdiccional.  |d Madrid : Marcial Pons, [2016]  |z 9788491231608 
830 0 |a Colección Proceso y derecho. 
856 4 0 |3 Digitalia Hispánica  |u https://www.digitaliapublishing.com/a/127471/ 
910 |a Premium collection: 2023